London Manifesto 2016 (Record no. 115739)

MARC details
000 -LEADER
fixed length control field 01065cad a22002175a 4500
001 - CONTROL NUMBER
control field L159200
008 - FIXED-LENGTH DATA ELEMENTS--GENERAL INFORMATION
fixed length control field 140115s2016 xxk f 000 0 eng d
035 ## - SYSTEM CONTROL NUMBER
System control number (Sirsi) u159200
041 0# - LANGUAGE CODE
Language code of text/sound track or separate title eng
110 2# - MAIN ENTRY--CORPORATE NAME
Corporate name or jurisdiction name as entry element Royal Institution of Chartered Surveyors
9 (RLIN) 4900
240 ## - UNIFORM TITLE
Uniform title Property in politics
245 00 - TITLE STATEMENT
Title London Manifesto 2016
Remainder of title Vision for London
-- Property in politics
Medium [electronic resource]
260 ## - PUBLICATION, DISTRIBUTION, ETC.
Place of publication, distribution, etc. London
Name of publisher, distributor, etc. RICS
Date of publication, distribution, etc. 2016
520 ## - SUMMARY, ETC.
Summary, etc. Highlights key challenges in London and provides solutions and recommendations that the next Mayor of London can depend on: housing, planning, infrastructure, growth and strategic recommendations on skills, capacity and coordination. Acts as an extension of Property in Politics work, which aims to sustain a conversation between property professionals and policymakers.
590 ## - LOCAL NOTE (RLIN)
Local note KA
650 24 - SUBJECT ADDED ENTRY--TOPICAL TERM
Topical term or geographic name entry element PROPERTY IN POLITICS
651 #4 - SUBJECT ADDED ENTRY--GEOGRAPHIC NAME
Geographic name ENGLAND AND WALES
690 ## - LOCAL SUBJECT ADDED ENTRY--TOPICAL TERM (OCLC, RLIN)
Topical term or geographic name as entry element ABOUT RICS
856 40 - ELECTRONIC LOCATION AND ACCESS
Uniform Resource Identifier <a href="https://www.rics.org/Global/RICS2016_Vision_for_London.pdf">https://www.rics.org/Global/RICS2016_Vision_for_London.pdf</a>
Public note View the item free of charge at www.rics.org...
942 ## - ADDED ENTRY ELEMENTS (KOHA)
Suppress in OPAC 0
Holdings
Withdrawn status Lost status Source of classification or shelving scheme Damaged status Not for loan Home library Current library Shelving location Date acquired Total Checkouts Full call number Barcode Date last seen Copy number Price effective from Koha item type
    Dewey Decimal Classification     Archives Archives RICS Boxes 16/03/2016   RICS 2016/1 30078843 06/08/2019 1 06/08/2019 Book
    Dewey Decimal Classification     London London RICS Boxes 16/03/2016   RICS 2016/1 30078851 06/08/2019 1 06/08/2019 Book
    Dewey Decimal Classification     London London Books 16/03/2016   RICS 2016/1 30078847 06/08/2019 2 06/08/2019 Book
    Dewey Decimal Classification     Virtual Virtual Online 16/03/2016   ONLINE PUBLICATION 159200-3001 06/08/2019 1 06/08/2019 Book